| 000 | 00576nam a2200217Ia 4500 | ||
|---|---|---|---|
| 008 | 160319s9999 xx 000 0 und d | ||
| 020 | _a971-08-6862-4 | ||
| 050 | _aIL GE 105 | ||
| 050 | _b.C38 2008 | ||
| 100 | _aCatchillar, Gerry C. | ||
| 245 | _aFundamentals of environmental science / | ||
| 245 | _cGerry C. Catchillar. | ||
| 260 | _aMandaluyong: | ||
| 260 | _bNational Book Store, | ||
| 260 | _c2008 | ||
| 300 | _a122 pages : | ||
| 300 | _billustrations (some color) ; | ||
| 300 | _c22 cm. | ||
| 500 | _aIncludes index. | ||
| 650 | _aEnvironmental science. | ||
| 999 |
_c291600 _d291600 |
||